000 00732nam a22002177a 4500
003 UA-OsUOA
001 65917
007 ta
008 20091214b un ||||| |||| 00| 0 ukr d
100 _aМальцев Ал.
090 _a330
_bМ21
942 _cSA
040 _aUA-OsUOA
_brus
_cUA-OsUOA
_dUA-OsUOA
245 _aВзаимосвязь развития минерально-сырьевого комплекса и "догоняющего" характера российской модернизации
300 _aС.67
955 _a0
041 _arus
080 _a330
773 0 _w65909
_tМеждународная экономика
_dМ.
_d2009
_g11
650 7 _a330 Економіка взагалі
_2UDC
999 _c351532
_d351532